| 000 | 00425nam a2200157Ia 4500 | ||
|---|---|---|---|
| 005 | 20250508162851.0 | ||
| 008 | 008 250505s9999 xx 000 0 eng d | ||
| 037 | _aBooks to be hide in OPAC | ||
| 040 |
_aFEDL _beng _cFEDL |
||
| 041 |
_aeng _2eng |
||
| 084 |
_a630.9, HIN/O _qFEDL |
||
| 245 | 0 | _aSurvey of Indian agriculture 1992 | |
| 300 | _a179p. | ||
| 942 |
_cHB _h630.9, HIN/O |
||
| 999 |
_c1379135 _d1379135 |
||